000
00313nam a2200133Ia 4500
005
20260328104300.0
008
260328s9999||||xx |||||||||||||| ||und||
100
_a
Kramer, Sibylle
245
0
_a
Rough Interiors /
_c
Sibylle Kramer
260
_b
Braun
300
_a
254 p.
650
_a
ARQUITECTURA
942
_c
BK
999
_c
10591
_d
10591